| 000 | 02206nam a2200469Ii 4500 | ||
|---|---|---|---|
| 001 | DIGUNAU0088 | ||
| 003 | NyNyDIG | ||
| 008 | 160606e201308 ck ob 000 0 spa d | ||
| 006 | m o d | ||
| 007 | cr ||||||||||| | ||
| 035 | _a(OCoLC)951370636 | ||
| 040 |
_aDGITA _beng _erda _epn _cDGITA |
||
| 020 | _z9789588366784 | ||
| 020 | _z958836678X | ||
| 050 | 1 | 4 | _aJZ1318 eBook |
| 100 | 1 |
_aTassara, Carlo, _eauthor. |
|
| 245 | 1 | 0 |
_aCooperación para el desarrollo, relaciones internacionales y políticas públicas : _bteorías y prácticas del diálogo euro-latinoamericano / _cCarlo Tassara ; José Antonio Sanahuja, prefacio ; Jairo Agudelo Taborda, prólogo ; Ivo Hoefkens, introducción. |
| 250 | _aPrimera edición. | ||
| 264 | 1 |
_aMedellín : _bEdiciones UNAULA, _cagosto de 2013. |
|
| 300 | _a1 online resource. | ||
| 336 |
_atext _2rdacontent |
||
| 337 |
_acomputer _bc _2rdamedia |
||
| 338 |
_aonline resource _bcr _2rdacarrier |
||
| 490 | 1 | _aSerie Pensamiento latinoamericano | |
| 500 | _aThe role of the persons named in the statement of responsibility appears in square brackets in the title page. | ||
| 504 | _aIncludes bibliographical references. | ||
| 588 | 0 | _aOnline resource; title from PDF title page (Digitalia, viewed June 8, 2016) | |
| 650 | 0 | _aInternational cooperation. | |
| 651 | 0 |
_aEurope _xForeign relations _zLatin America. |
|
| 651 | 0 |
_aLatin America _xForeign relations _zEurope. |
|
| 655 | 0 | _aElectronic books. | |
| 700 | 1 |
_aSanahuja, José Antonio, _econtributor agent of text. |
|
| 700 | 1 |
_aAgudelo Taborda, Jairo, _econtributor agent of text. |
|
| 700 | 1 |
_aHoefkens, Ivo, _econtributor agent of text. |
|
| 791 | 2 |
_aDigitalia (Firm), _edistributor. |
|
| 793 | 0 |
_gDigitalia eBook Collection: _aEdiciones UNAULA. |
|
| 776 | 0 | 8 |
_iPrint version: _aTassara, Carlo. _tCooperación para el desarrollo, relaciones internacionales y políticas públicas. _bPrimera edición. _dMedellín : Ediciones UNAULA, agosto de 2013. _z9789588366784 _w(OCoLC)870090834 |
| 830 | 0 | _aPensamiento latinoamericano (Medellín, Colombia) | |
| 856 | 4 | 0 |
_3Digitalia Hispánica _uhttps://www.digitaliapublishing.com/a/40712/ |
| 910 | _aPremium Collection: 2016 | ||
| 942 | _cRAA | ||
| 999 |
_c245855 _d245855 |
||